| 000 | 00556nam a2200145Ia 4500 | ||
|---|---|---|---|
| 008 | 140724s9999 xx 000 0 und d | ||
| 050 |
_aHF 5549 _b.T665 2012 |
||
| 100 | _aToniza, Jessica B. | ||
| 245 |
_aPersonality profile of freshmen business and tourism students of Southville International School and Colleges (SISC) / _cJessica B. Toniza. |
||
| 260 |
_aLas PiƱas, Philippines : _bSouthville International School and Colleges, _cc2012. |
||
| 300 |
_a61 p. : _bill. ; _c28 cm. |
||
| 521 | _aHuman Resource Management | ||
| 942 | _cTH | ||
| 999 |
_c229160 _d229160 |
||